| 000 -LEADER |
| fixed length control field |
00464nam a2200169Ia 4500 |
| 003 - CONTROL NUMBER IDENTIFIER |
| control field |
OSt |
| 005 - DATE AND TIME OF LATEST TRANSACTION |
| control field |
20230321143119.0 |
| 008 - FIXED-LENGTH DATA ELEMENTS--GENERAL INFORMATION |
| fixed length control field |
230307s9999 xx 000 0 und d |
| 020 ## - INTERNATIONAL STANDARD BOOK NUMBER |
| International Standard Book Number |
0571049532 |
| 028 ## - PUBLISHER NUMBER |
| Source |
Faber and Faber; 3Rev Ed edition (January 1, 1969) |
| 082 ## - DEWEY DECIMAL CLASSIFICATION NUMBER |
| Classification number |
729.29 |
| Item number |
HUM |
| 100 ## - MAIN ENTRY--PERSONAL NAME |
| Personal name |
Peter H. Parkins and H. R. Humphreys |
| 245 #0 - TITLE STATEMENT |
| Title |
Acoustics, noise and buildings |
| 260 ## - PUBLICATION, DISTRIBUTION, ETC. (IMPRINT) |
| Place of publication, distribution, etc |
London |
| Name of publisher, distributor, etc |
Faber and Faber |
| Date of publication, distribution, etc |
1979 |
| 300 ## - PHYSICAL DESCRIPTION |
| Extent |
297p.; |
| 942 ## - ADDED ENTRY ELEMENTS (KOHA) |
| Source of classification or shelving scheme |
|